Pracovný poriadok, podstata, význam a využitie
Pracovný poriadok je vnútorný právny predpis, ktorý upravuje problematiku pracovného práva. Má obmedzenú personálnu pôsobnosť. Predpoklady pre platnosť pracovného poriadku.
Enregistré dans:
| Auteur principal: | |
|---|---|
| Format: | Chapitre de livre |
| Langue: | slovaque |
| Sujets: | |
| Tags: |
Pas de tags, Soyez le premier à ajouter un tag!
|
MARC
| LEADER | 00000naa a2200000 4500 | ||
|---|---|---|---|
| 001 | 0229569 | ||
| 005 | 20170426092902.8 | ||
| 041 | 0 | |a slo | |
| 044 | |a SK | ||
| 245 | 1 | 0 | |a Pracovný poriadok, podstata, význam a využitie |c Ladislav Hrtánek |
| 520 | |a Pracovný poriadok je vnútorný právny predpis, ktorý upravuje problematiku pracovného práva. Má obmedzenú personálnu pôsobnosť. Predpoklady pre platnosť pracovného poriadku. | ||
| 610 | 2 | 0 | |a právo pracovné |
| 610 | 2 | 0 | |a poriadok pracovný |
| 100 | 1 | |a Hrtánek, Ladislav | |